000 00752cam a22002533a 4500
001 25145
003 PGUSA
005 20140828083536.0
008 080423s2008||||xxu|||||s|||||000 1 eng d
040 _aPGUSA
_beng
042 _adc
050 4 _aPZ
100 1 _aBrazil, Angela,
_d1869-1947
245 1 2 _aA Patriotic Schoolgirl
_h[electronic resource] /
_cAngela Brazil
260 _bProject Gutenberg,
_c2008
506 _aPublic domain in the USA.
516 _aElectronic text
653 _aBoarding schools -- England -- Juvenile fiction
653 _aGirls -- England -- Juvenile fiction
700 1 _aSalmon, Balliol,
_d1868-1953
830 0 _aProject Gutenberg
_v25145
856 4 0 _uhttp://www.gutenberg.org/ebooks/25145
942 _cEB
999 _c254400
_d254400